Legie templářů /

Main Author: Christopher, Paul, 1949-
Language: Czech
Published: Praha : Plejáda, 2011
Edition: 1. vyd.
Physical Description: 227 s. ; 22 cm
Book
Saved in:
LEADER 01230cam a2200373 a 4500
001 nkc20112220522
003 CZ PrNK
005 20160119120844.0
007 ta
008 111018s2011 xr e 000 f cze d
015 |a cnb002220522 
020 |a 978-80-87374-79-5  |q (váz.) 
035 |a (OCoLC)776502187 
040 |a OSA001  |b cze  |d ABA001 
041 1 |a cze  |h eng 
072 7 |a 821.111-3  |x Anglická próza, anglicky psaná  |2 Konspekt  |9 25 
080 |a 821.111(71)-31  |2 MRF 
080 |a (0:82-312.4)  |2 MRF 
100 1 |a Christopher, Paul,  |d 1949-  |7 xx0043254  |4 aut 
245 1 0 |a Legie templářů /  |c Paul Christopher ; [přeložila Jarmila Doubravová] 
250 |a 1. vyd. 
260 |a Praha :  |b Plejáda,  |c 2011 
300 |a 227 s. ;  |c 22 cm 
500 |a Přeloženo z angličtiny 
655 7 |a kanadské romány (anglicky)  |7 fd139325  |2 czenas 
655 7 |a thrillery (romány)  |7 fd184206  |2 czenas 
655 9 |a Canadian fiction  |2 eczenas 
655 9 |a thrillers (novels)  |2 eczenas 
765 0 |t Templar legion  |9 Česky 
910 2 |a BOA001  |b 2-1359.465 
920 |a 000524628  |z OSA001 
990 |a BK 
995 |a 01 
996 6 |b 2610656840  |c 2-1359.465  |l MZK  |r Sklad / do 1 hodiny  |n 0  |p kup  |w 001540954  |u 000010  |a 1  |e BOA001  |j MZK50  |s P